00706nam a22002057a 450000500170000001000150001702000260003203500140005803700090007208200060008110000260008724500570011325000060017026000570017627000530023330000210028694200200030799900190032795201540034620260529115413.0 aENG-148630 a9789386050823c450.00 aEN-132162 bDBAS aS aRahman, Fazlur989231 aThe Temple Road:bA Doctor's Journey/cFazlur Rahman a1 aNew DelhibSpeaking Tiger Publishing Pvt. Ltd.c2016 a4381/4 Ansari Road, DaryaganjbNew Delhie110002 a304p.c22cm.(pb) 2ddccENhSmRAH c216395d216395 001040718FICaDBADbDBADd2026-05-29eDelivery of Books Act Divisiong450.00l0oS RAHpEN-132162r2026-05-29 11:54:33t 1v450.00w2026-05-29yEN